=LDR 00000nam 2200000 4500 =001 INLIS000000000030145 =005 20200928091452 =035 ##$$a 0010-061300000030145 =008 200928################g##########0#ind## =041 ##$$a Ind =082 ##$$a 306.095 981 4 =090 ##$$a 351.855 984 4, Wuj w =245 ##$$a Wujud, arti dan fungsi puncak -puncak kebudayaan lama dan asli bagi masyarakat pendukung nya, sumbangan kebudayaan daerah Riau terhadap Kebudayaan nasional /$c Tim Penulis Refisrul [...et.al] ; editor, Nuraini =260 ##$$a Jakarta :$b Proyek Pengkajian dan Pembinaan Nilai-nilai Budaya Riau,$c 1997 =300 ##$$a ix, 121 hlm. ; $c 23 x 16 cm. =650 #4$$a Kebudayaan- Kelimantan selatan =850 ##$$a NBPNMAT =084 ##$$a 306.095 981 4 WUJ =250 ##$$a cet. 1 =700 #$$a Nuraini =990 ##$$a 106.843/Hd.97 =990 ##$$a 106.844/Hd-97